000 00555nam a2200193 i 4500
999 _c105873
_d105873
001 C2-0302202
003 PPAK
005 20190625160406.0
008 100113s xx |||| ||||| | eng d
040 _aPPAK
_beng
_cPPAK
_erda
082 0 4 _a499.23
_223
090 0 0 _a499.23
_bSTU
_dKIH
245 0 0 _aSome notes on the Kelantan dialect and some comparisons with the dialect of Perak and central Pahang
300 _a7 pages ;
_c21 cm
336 _2rdacontent
_atext
337 _2rdamedia
_aunmediated
338 _2rdacarrier
_avolume
942 _cB
_2ddc